00269 a2200121 4500001000700000020001900007040003500026100001900061240002600080245002100106300001100127362000900138156360 a97888555270246 cEscola São Tomás de Aquino aMORENNO, Pablo10aFlor de Guernicalpor10aFlor de Guernica a111 p.0 a2016